000 00658nam a22002177a 4500
003 UA-OsUOA
001 48283
007 ta
008 20070903b un ||||| |||| 00| 0 ukr d
090 _a908
_bУ45
942 _cBK
040 _aUA-OsUOA
_bukr
_cUA-OsUOA
_dUA-OsUOA
245 _aУкраїнознавство: стан, проблеми, перспективи розвитку
300 _a129 с.
955 _a1
041 _aukr
080 _a908
260 _aК.
_bВидавничо-поліграфічний центр "Київський університет"
_c1993
650 7 _a908 Краєзнавство
_2UDC
999 _c334383
_d334383